000 00537nam a2200181Ia 4500
008 090123s9999 xx 000 0 und d
082 _b4486
_a891.463/फळनिकर
100 _aफळनिकर अनिल
245 _aप्रेमिक
250 _a1
260 _bप्रिया प्रकाशन
_c1976
300 _a188
600 _aफळनिकर अनिल
630 _aप्रेमिक
700 _aफळनिकर अनिल
730 _aप्रेमिक
942 _cBOOK
999 _c42561
_d42561